| 000 | 01036cam a22003377a 4500 | ||
|---|---|---|---|
| 001 | 000022607 | ||
| 003 | CHAP | ||
| 005 | 20220329134523.0 | ||
| 008 | 971013s1964 r 00010 d | ||
| 010 | _a21562 | ||
| 011 | _a22534 | ||
| 035 | _a26629 | ||
| 040 | _cCHAP | ||
| 082 | 0 | 4 |
_a630.215 _bB6 |
| 100 | 0 | 0 |
_aBoulaine, Jean Louis George. _914749 |
| 245 | 1 | 0 | _aEcología agrícola extratropical ; Apuntes provisionales. |
| 260 |
_a(s.l.) : _b(s.e.), _c1964. |
||
| 300 | _aPag. varía. | ||
| 590 |
_aBATCH-UPD _b10 _c20130110 _lUCH01 _h1958 |
||
| 590 |
_aBATCH-UPD _b10 _c20130410 _lUCH01 _h1319 |
||
| 590 |
_aBATCH-UPD _b10 _c20130914 _lUCH01 _h1249 |
||
| 590 |
_aCONVERSION _b10 _c20130109 _lUCH01 _h1313 |
||
| 590 |
_aE5995AHE _b05 _c20150225 _lUCH01 _h1159 |
||
| 650 | 1 | 4 |
_aEcología agrícola. _935165 |
| 650 | 1 | 4 |
_aTrópicos. _9115278 |
| 901 | _aBK | ||
| 942 | _cLIBRO | ||
| 942 | _n0 | ||
| 949 |
_a630.215 B6 _bBC _cLIBRO _d-61302 _eLIBRO _h43481 _i26629 _si |
||
| 949 |
_a630.215 B6 _bBC _cLIBRO _d-61303 _eLIBRO _fc.2 _h38823 _i26629 _si |
||
| 999 |
_c21562 _d21562 |
||